| 000 | 00339nam a22001577a 4500 | ||
|---|---|---|---|
| 003 | NUST | ||
| 020 | _a9781260459241 | ||
| 038 | _akhadija | ||
| 082 |
_a629.8 _bNAK |
||
| 100 |
_aNakhmani _991969 |
||
| 245 |
_aModern Control / _cArie Nakhmani |
||
| 260 |
_aU.S _bMc Graw Hill _c2020 |
||
| 300 | _ap179 | ||
| 563 | _aHB | ||
| 942 |
_2ddc _cBK |
||
| 999 |
_c590081 _d590081 |
||